| 000 | 00896cam a2200193 4500 | ||
|---|---|---|---|
| 001 | L136340 | ||
| 008 | 070125n2005 000 0 eng u | ||
| 035 | _a(Sirsi) u136340 | ||
| 041 | 0 | _aeng | |
| 110 | 2 |
_aEC Harris _94930 |
|
| 245 | 0 | 0 |
_aEuropean focus _bon hotels _h[electronic resource] |
| 260 |
_aLondon _bEC Harris _c2005 |
||
| 520 | _aDiscusses how hotels need to market innovative products and design improvements delivered at competitive cost and appropriate levels of quality so as to create competitive advantage. Discusses the need for strategic benchmark information that will support hotel funders, developers and operators to optimise their investment decisions. | ||
| 590 | _aKA | ||
| 651 | 4 | _aEUROPEAN UNION | |
| 690 | _aPROPERTY-COMMERCIAL PROPERTY-LEISURE PROPERTY | ||
| 856 | 4 | 0 |
_uhttps://www.echarris.com/ _zView the item free of charge at www.echarris.com... |
| 942 | _n0 | ||
| 999 |
_c106364 _d106364 |
||